000 004900000a22001810004500
041 0 _aSPA
082 0 4 _aG 253.1 L957f
100 1 _aLum, Ada
245 1 0 _aEncuentros bíblicos / Ada Lum ; Adam Sosa, Traductor
260 _aBuenos Aires, Argentina : Certeza
300 _a60 Pag
500 _aTítulo original : Responsible evangelism
001 6331
942 _cBK
999 _c36604
_d36604
336 _atexto
_btxt
_2rdacontent
337 _2rdamedia
_asin mediación
_bn
338 _2rdacarrier
_avolumen
_bnc